| Tag |
First Indicator |
Second Indicator |
Subfields |
| LEADER |
00000cam a2200000Ii 4500 |
| 001 |
in00001992021 |
| 005 |
20151031112352.0 |
| 008 |
760408s1975 enka f000 0 eng d |
| 035 |
|
|
|a (OCoLC)ocm02100757
|
| 040 |
|
|
|a OLA
|c OLA
|d TXA
|d UtOrBLW
|
| 043 |
|
|
|a e-uk-wl
|
| 049 |
|
|
|a TXAM
|
| 090 |
|
|
|a GC1
|b .G75 no.28
|
| 110 |
2 |
|
|a Institute of Oceanographic Sciences (Great Britain)
|
| 245 |
1 |
0 |
|a RV EDWARD FORBES cruise 8/75, 16 May - 3 June 1975 :
|b sediment transport, Swansea Bay, using radioactively labelled tracer methods.
|
| 264 |
|
1 |
|a Taunton, Eng. :
|b Institute of Oceanographic Scienes,
|c 1975.
|
| 300 |
|
|
|a 7 pages, 2 unnumbered pages :
|b illustrations ;
|c 30 cm.
|
| 336 |
|
|
|a text
|b txt
|2 rdacontent
|
| 337 |
|
|
|a unmediated
|b n
|2 rdamedia
|
| 338 |
|
|
|a volume
|b nc
|2 rdacarrier
|
| 490 |
1 |
|
|a Its I.O.S. cruise report ;
|v no. 28
|
| 650 |
|
0 |
|a Sediment transport
|z Wales
|z Swansea Bay.
|
| 650 |
|
0 |
|a Radioactive tracers in oceanography.
|
| 830 |
|
0 |
|a Cruise report (Institute of Oceanographic Sciences (Great Britain)) ;
|v no. 28.
|
| 948 |
|
|
|a cataloged
|b h
|c 2004/9/14
|d c
|e jgreene
|f 10:58:08 am
|
| 994 |
|
|
|a E0
|b TXA
|
| 999 |
|
|
|a MARS
|
| 999 |
f |
f |
|s d7e7585d-5b38-399b-97d2-6f4d1e9ce59f
|i 41a6d88f-6efe-3346-bece-5940a553248a
|t 0
|
| 952 |
f |
f |
|p ric
|a Texas A&M University
|b Rellis Campus
|c Joint Library Facility
|d Remote Storage
|t 0
|e GC1 .G75 no.28
|h Library of Congress classification
|i unmediated -- volume
|m A14832266760
|
| 998 |
f |
f |
|a GC1 .G75 no.28
|t 0
|l Remote Storage
|